00733nam a22002417a 4500003000900000008004100009020001500050040007100065082001600136100002500152245004800177260004000225300002800265440004500293650001300338650002300351650002500374700001800399700001600417700002000433700001800453700002000471AR-CdUCM190228b ||||| |||| 00| 0 spa d a8482801759 aMUNICIPALIDAD PROVINCIAL DEL CUSCOcBIBLIOTECA MUNICIPAL DEL CUSCO a821 /bSH47 aShakespeare, William aPoesía inglesa de los siglos XVI y XVII / aBogotá : bLa oveja Negra,c1998. a150 páginas ;c19 cm. aHistoria universal de la literatura,n75 aPoesía aLiteratura inglesa aCreación literaria a Milton, John aDonne, Jhon aDumbar, William aSkelton, Jhon aSpencer, Edmund